000 nam a22 a 4500
999 _c858
_d858
005 20170505150343.0
008 170505b1985 my ||||| |||| 00| 0 ara d
040 _aAKMAL
082 _a297.124 HAD
090 _a297.124
_bHAD
100 _aHadi, Mahsan.
_d1985-
_91844
245 _aHadith Al Suna Al Sita /
_cHadi, Mahsan.
260 _bDewan Bahasa dan Pustaka
_c1985
300 _a168ms.
_ccm
942 _2ddc
_cBOOK